[Event "5th EKA IIFL Investment 2019"]
[Site "Mumbai"]
[Date "2020.01.03"]
[Round "5.58"]
[White "Ojas Kulkarni"]
[Black "Dere Pushkar"]
[Result "0-1"]
[WhiteElo "2246"]
[BlackElo "2061"]
[Annotator "TA"]
[PlyCount "74"]
[EventDate "2019.12.30"]
[EventType "swiss"]
[EventCountry "IND"]
[SourceTitle "playchess.com"]
[Source "ChessBase"]
[SourceQuality "1"]

{[%evp 15,74,39,28,19,19,0,0,0,0,0,0,0,45,40,54,15,27,18,16,19,25,27,26,0,0,0,0,-12,-8,-9,0,0,0,-82,-45,-52,-52,-68,-47,-162,-168,-163,-157,-163,-148,-148,-148,-122,-122,-132,0,0,0,0,0,-1779,-1688,-29981,-29982,-29982,-29977]} 1. c4 e5 2. g3 Nf6 3. Bg2 d5 4. cxd5 Nxd5 5. Nf3 Nc6 6. O-O Be7 7. d4 e4 8. Ne5 f5 9. Nxc6 {A20: English Opening: 1...e5} bxc6 10. Nc3 (10. Qc2 Nb4 11. Qa4 Bd7 12. a3 Nd5 13. Nc3 Bd6 14. f3 exf3 15. Bxf3 Nb6 16. Qb3 Qf6 {1-0 (35) Ding,L (2805)-Nepomniachtchi,I (2775) Zagreb 2019}) 10... O-O 11. Qa4 {The position is equal.} Qd6 12. Nxd5 cxd5 13. Bf4 Qb6 14. Rac1 c5 {[#]} 15. Qa3 $146 {[%cal Rd4c5]} (15. dxc5 {keeps more tension.} Bxc5 16. e3 a5 17. Rfd1 Be6 18. Bf1) ({Predecessor:} 15. dxc5 Bxc5 16. b4 Bd4 {1-0 (27) Gurevich,M (2633)-Kuchkin,M (2080) Istanbul 2007}) 15... Qa6 16. dxc5 Qxa3 17. bxa3 Ba6 18. Rfd1 Bc4 $1 19. e3 Rac8 20. Bf1 Rxc5 21. Bxc4 dxc4 22. Rd7 Re8 23. Rxa7 Bf6 24. Rc7 (24. Bd6 $11 Rd5 25. Bb4) 24... Rxc7 25. Bxc7 $17 {[%mdl 4096] Endgame KRB-KRB} Rc8 26. Bb6 $1 ({Much weaker is} 26. Rxc4 Bd8 $17) 26... Rc6 {[%mdl 1024] Black has compensation.} 27. Ba5 (27. Rb1 $15) 27... c3 $19 {[#] aiming for ...c2.} 28. Rc2 Kf7 29. Kf1 Ke6 30. Ke2 Kd5 31. Rc1 Kc4 32. Bb4 Rb6 ({Better is} 32... Rc7 $17 33. Rd1 Rc8) 33. Rd1 $1 $11 Rxb4 34. axb4 {Rd7 is the strong threat.} c2 $1 {[%cal Rc2d1]} 35. Rd7 $2 {[%mdl 8192] [#]} (35. Rg1 $11 Kc3 36. a4) 35... Bc3 $1 $19 36. Rc7+ Kxb4 37. Rb7+ Ka5 {Accuracy: White = 40%, Black = 87%.} 0-1

[Event "5th EKA IIFL Investment 2019"]
[Site "Mumbai"]
[Date "2020.01.03"]
[Round "5.60"]
[White "Utsab Chatterjee"]
[Black "Ghelani Dhairya"]
[Result "1-0"]
[WhiteElo "2200"]
[BlackElo "2027"]
[Annotator "TA"]
[PlyCount "43"]
[EventDate "2019.12.30"]
[EventType "swiss"]
[EventCountry "IND"]
[SourceTitle "playchess.com"]
[Source "ChessBase"]
[SourceQuality "1"]

{[%evp 15,76,4,18,-4,0,0,26,23,54,12,17,27,33,43,95,109,100,62,67,66,65,51,608,612,613,593,859,842,708,446,421,410,403,345,333,297,297,221,243,220,209,208,260,249,264,187,162,105,125,104,121,56,64,12,16,0,0,7,934,920,29988,29989,29998]} 1. e4 c5 2. Nf3 d6 3. d4 cxd4 4. Nxd4 Nf6 5. Nc3 a6 6. Bd3 e5 7. Nde2 Be7 8. O-O O-O 9. f4 {B90: Sicilian Najdorf: Unusual White 6th moves, 6 Be3 Ng4 and 6 Be3 e5} (9. Ng3 Be6 10. Nd5 Nbd7 11. c4 g6 12. Nxe7+ Qxe7 13. b3 Rfc8 14. Bg5 Qf8 15. Qd2 Ne8 16. Rad1 f6 {1-0 (61) Karjakin,S (2750)-Vachier Lagrave,M (2778) Saint Louis 2019}) 9... Nbd7 10. Kh1 b6 11. Ng3 {White has an edge.} Bb7 $146 ({Predecessor:} 11... Nc5 12. Bc4 Bb7 13. fxe5 dxe5 14. Qe2 b5 15. Rd1 Qc7 16. Nd5 Nxd5 17. Bxd5 {1-0 (74) Sir,Z (2199)-Mitra,R (2100) Pardubice 2017}) 12. Qe2 Re8 13. Nf5 Bf8 14. fxe5 dxe5 (14... Rxe5 $14 15. Bf4 Re6) 15. Bg5 $16 b5 16. Rad1 Qb6 $1 17. a4 {[%cal Ra4b5]} b4 18. Nb1 Nc5 $2 {[%mdl 8192] [#]} (18... Re6 $14) 19. Nh6+ $1 $18 {[%mdl 576] Deflection} gxh6 20. Bxf6 {Threatening mate with Qg4+.} Bc8 21. Bc4 Ra7 22. Qf2 {Played: Qe2-e3} 1-0

[Event "5th EKA IIFL Investment 2019"]
[Site "Mumbai"]
[Date "2020.01.03"]
[Round "5.61"]
[White "Kadam Om Manish"]
[Black "Jubin Jimmy"]
[Result "0-1"]
[WhiteElo "1933"]
[BlackElo "2193"]
[Annotator "TA"]
[PlyCount "92"]
[EventDate "2019.12.30"]
[EventType "swiss"]
[EventCountry "IND"]
[SourceTitle "playchess.com"]
[Source "ChessBase"]
[SourceQuality "1"]

{[%evp 18,96,31,24,33,27,54,27,43,30,66,65,48,20,20,26,25,-6,0,-20,-26,-40,0,-26,0,-8,11,-1,9,-1,14,0,0,-7,18,17,14,14,33,29,37,37,46,41,61,-5,-5,-5,-14,-248,-251,-577,-228,-887,-878,-871,-862,-853,-793,-1739,-1634,-1912,-1858,-1810,-1818,-1781,-1299,-1961,-1971,-1970,-1941,-1506,-1803,-1651,-1660,-29973,-29976,-12839,-29975,-12839,-12840]} 1. e4 c6 2. c4 d5 3. exd5 cxd5 4. cxd5 Nf6 5. Nc3 Nxd5 6. Nf3 Nc6 7. Bb5 e6 8. O-O Be7 9. d4 O-O 10. Re1 a6 {B10: Caro-Kann: 2 d3 and 2 c4} (10... Bd7 11. Bc4 Bf6 12. Nxd5 exd5 13. Bxd5 Bg4 14. Bxc6 bxc6 15. Be3 Rb8 16. b3 c5 17. Bf4 Rb4 18. Be5 cxd4 {½-½ (51) Rapport,R (2713)-Laznicka,V (2675) Novy Bor 2014}) 11. Bxc6 bxc6 12. Ne5 Bb7 {White has an edge.} 13. Ne4 Qc7 14. Bd2 $146 ({Predecessor:} 14. Nd3 Rfd8 15. Bg5 h6 16. Bd2 Nf6 17. Qa4 Rd5 18. Nec5 Bxc5 19. Nxc5 {½-½ (42) Lejeune,J-Roos,D Le Touquet 1977}) 14... Rad8 15. Rc1 Nf6 16. Nxf6+ Bxf6 17. Qg4 (17. Bb4 $5 {[%cal Rb4f8]}) 17... Rd5 18. Bc3 Rfd8 19. b4 h6 20. a3 Ba8 21. h3 Qa7 22. Qe2 Qb7 {aiming for ...c5!} 23. Qg4 Qb5 24. Qh5 Qb7 {Threatens to win with ...c5!} 25. Qg4 Bg5 26. Rc2 {[%cal Bc1c2,Bc2e2,Be2e3,Be3g3][%mdl 32]} Qa7 27. Rce2 Bf6 28. Re3 Qe7 29. Rg3 Qf8 30. Kh2 Bg5 31. f4 (31. Rf3 $14 f5 32. Qg3) 31... f5 $11 32. Qf3 Bh4 33. Nd3 $2 {[#]} (33. Rg6 $1 $11 {and White has nothing to worry.} c5 34. Qh5 Bxe1 35. Bxe1 cxd4 36. Qxh6 Rxe5 37. fxe5) 33... c5 $1 $19 ({Worse is} 33... Bxg3+ 34. Qxg3 Bb7 35. Rxe6 $11) 34. Qe3 $2 (34. Qf2 cxd4 35. Bd2) 34... Bxg3+ $2 (34... cxd4 35. Qxe6+ Kh8) 35. Kxg3 $2 (35. Qxg3 cxd4 36. Bb2) 35... cxd4 36. Qxe6+ Kh7 37. Bb2 R5d6 38. Qe2 Rg6+ 39. Kh2 Rxg2+ 40. Qxg2 Bxg2 41. Kxg2 Qf7 42. Ne5 Qd5+ 43. Nf3 Qa2 44. Re2 d3 {[%cal Bd4d3,Bd3c2][%mdl 32]} 45. Rd2 Rc8 46. Nd4 {[#]} Rc4 {Played: Rc8-c2} 0-1

[Event "5th EKA IIFL Investment 2019"]
[Site "Mumbai"]
[Date "2020.01.03"]
[Round "5.62"]
[White "Masango, Spencer"]
[Black "Kulasekara, D M T Kashyapa"]
[Result "1-0"]
[WhiteElo "2181"]
[BlackElo "1904"]
[Annotator "TA"]
[PlyCount "93"]
[EventDate "2019.12.30"]
[EventType "swiss"]
[EventCountry "IND"]
[SourceTitle "playchess.com"]
[Source "ChessBase"]
[SourceQuality "1"]

{[%evp 12,93,23,22,60,36,44,39,66,43,50,47,40,34,37,-4,-1,-20,-12,-13,0,0,-4,-42,2,-85,-31,-157,-25,-46,-8,-71,0,0,0,0,0,-40,-1,-14,-18,-40,4,4,4,13,16,-2,14,0,0,0,0,0,15,14,40,38,73,66,86,74,89,64,154,154,287,285,274,264,459,453,441,369,609,609,872,862,944,892,29975,29976,29975,5590]} 1. Nf3 b6 2. g3 Bb7 3. Bg2 g6 4. O-O Bg7 5. d4 Nf6 6. c4 e6 7. Nc3 d6 {E16: Queen's Indian: 4 g3 Bb7 5 Bg2 Bb4+} (7... O-O 8. d5 exd5 9. cxd5 Re8 10. Nd4 c5 11. Ndb5 d6 12. Bf4 Bf8 13. a4 a6 14. Na3 Nh5 15. Bd2 Nd7 {1-0 (47) Ponomariov,R (2686)-Hou,Y (2658) Shenzhen 2018}) 8. Bg5 Nbd7 9. d5 $146 ({Predecessor:} 9. Bxf6 Nxf6 10. e3 O-O 11. Qc2 Re8 12. Rad1 Qe7 13. Rfe1 Rac8 14. a3 {0-1 (57) Purvis,A (1502)-Karia,R Torquay 2013}) 9... e5 {White is slightly better.} 10. b4 a5 11. a3 h6 12. Bd2 e4 13. Nh4 O-O 14. Qc2 Re8 15. Rad1 axb4 16. axb4 Qe7 17. Be3 Bc8 18. Nb5 (18. Bd4 $11) 18... Ne5 (18... Nf8 $17 {Strongly threatening ...g5.} 19. Bh1 Ng4) 19. Nd4 {[#]} (19. Bd4 $15) 19... Ba6 (19... Bd7 $1 $17 {...Ba4 is the strong threat.} 20. Qc3 Neg4) 20. b5 Bb7 21. Ra1 (21. Bc1 $11) 21... Ned7 ({Black should play} 21... Rxa1 $17 22. Rxa1 Nfg4) 22. Bh3 Nc5 23. Rxa8 Rxa8 24. Qc3 Kh7 25. Ra1 Qd8 26. Ra3 Rxa3 (26... Nfd7 {feels hotter.} 27. Bxd7 Nxd7 28. Ng2 Qh8 29. Rxa8 Qxa8 30. Bd2 Qa2) 27. Qxa3 Qa8 28. Qxa8 Bxa8 29. Bc8 Nfd7 30. f4 exf3 31. Nhxf3 Ne5 32. Nxe5 Bxe5 33. Nf3 {Threatens to win with Bxc5.} Bf6 (33... Ne4 {is interesting.} 34. Kf1 Bf6 35. Ke1 h5 36. Kd1 Kg7) 34. Bxc5 dxc5 $14 {[%mdl 4096] Endgame KBB-KBN} 35. e4 Kg7 36. e5 Be7 37. Kf2 f6 (37... Kf8 $14) 38. e6 $16 Bd6 (38... g5 $16 39. Bd7 Bb7) 39. g4 $18 Be7 40. Ke3 Bd6 $2 {[#]} (40... f5 {was necessary.} 41. h3 Kf6) 41. Ke4 Be7 42. h4 Bd6 $2 (42... h5) 43. h5 g5 44. Ne1 Be7 45. Ng2 Bd6 46. Ne3 Be7 47. Nf5+ {Accuracy: White = 44%, Black = 22%.} 1-0

[Event "5th EKA IIFL Investment 2019"]
[Site "Mumbai"]
[Date "2020.01.03"]
[Round "5.63"]
[White "Manish Kumar"]
[Black "Ilamparthi A R"]
[Result "1/2-1/2"]
[WhiteElo "2168"]
[BlackElo "1880"]
[Annotator "ChessBase"]
[PlyCount "97"]
[EventDate "2019.12.30"]
[EventType "swiss"]
[EventCountry "IND"]
[SourceTitle "playchess.com"]
[Source "ChessBase"]
[SourceQuality "1"]
[TimeControl "40/5400+30:1800+30"]

1. e4 g6 2. d4 Bg7 3. Nc3 d6 4. f4 Nf6 5. Nf3 c5 6. dxc5 Qa5 7. Bd3 Qxc5 8. Qe2 O-O 9. Be3 Qc7 10. O-O Nc6 11. a3 a6 12. Nd5 Nxd5 13. exd5 Nb8 14. c4 a5 15. Rac1 Na6 16. b3 Bg4 17. Rce1 Bxf3 18. Rxf3 Nc5 19. Bc2 Rfe8 20. f5 Nd7 21. h4 a4 22. h5 axb3 23. fxg6 fxg6 24. Bd3 Rxa3 25. hxg6 Ra2 26. Bd2 Qc5+ 27. Kh1 Ne5 28. Rh3 Qd4 29. Qh5 h6 30. Bxh6 Qg4 31. Qxg4 Nxg4 32. Be3 Rf8 33. Bg1 b2 34. c5 Ra1 35. Bb1 dxc5 36. Rh7 c4 37. Rxg7+ Kxg7 38. Bd4+ Kh6 39. Bxb2 Ra6 40. g7 Rg8 41. Rxe7 Rd6 42. Bc1+ Kh5 43. Bh7 Rxd5 44. g3 Rd1+ 45. Kg2 Ra8 46. Bf4 Ra2+ 47. Kf3 Rf2+ 48. Ke4 Re2+ 49. Kf3 1/2-1/2

[Event "5th EKA IIFL Investment 2019"]
[Site "Mumbai"]
[Date "2020.01.04"]
[Round "6.1"]
[White "Gupta, Abhijeet"]
[Black "Tukhaev, Adam"]
[Result "1-0"]
[WhiteElo "2611"]
[BlackElo "2552"]
[Annotator "TA"]
[PlyCount "51"]
[EventDate "2019.12.30"]
[EventType "swiss"]
[EventCountry "IND"]
[SourceTitle "playchess.com"]
[Source "ChessBase"]
[SourceQuality "1"]

{[%evp 10,53,13,12,7,-4,15,-17,0,-10,22,15,6,5,14,0,35,48,74,57,94,87,89,88,188,193,152,167,189,165,167,179,176,175,159,156,176,168,600,584,656,646,634,486,474,453]} 1. d4 d5 2. c4 c6 3. Nf3 e6 4. g3 dxc4 5. Bg2 b5 6. O-O Nd7 {D30: Queen's Gambit Declined: Systems without Nc3} (6... Bb7 7. a4 a6 8. Nc3 Nf6 9. Ne5 Nd5 10. e4 Nxc3 11. bxc3 Nd7 12. f4 Be7 13. Ng4 O-O 14. e5 f5 15. exf6 Nxf6 16. Qe2 Qc8 17. Nxf6+ Bxf6 18. Ba3 c5 19. Bxc5 Re8 20. Bxb7 Qxb7 21. Qg2 {½-½ (62) Miton,K (2588)-Tomashevsky,E (2705) St Petersburg 2018}) 7. a4 Bb7 $1 8. b3 cxb3 {The position is equal.} 9. Qxb3 a6 10. Rd1 Ngf6 11. Ne5 Qc7 12. Nc3 $146 {[%cal Ra4b5]} ({Predecessor:} 12. Nd3 Be7 13. Ba3 Bxa3 14. Qxa3 a5 15. axb5 cxb5 {½-½ (60) Levin,F (2503)-Godart,F (2413) Belgium 2015}) 12... Bd6 ({But not} 12... Nxe5 $6 13. dxe5 Nd5 14. axb5 $16) (12... b4 $5 {[%cal Rb4c3]}) 13. Nxd7 Qxd7 14. e4 {Hoping for e5.} Be7 {[#]} 15. d5 $1 cxd5 16. exd5 Nxd5 (16... O-O $16 {was called for.}) 17. Nxd5 $18 exd5 18. Bxd5 Bxd5 19. Rxd5 {[%mdl 64] Double Attack} Qb7 20. axb5 {[%cal Ba4b5,Bb5b6][%mdl 32]} O-O 21. b6 Bf6 22. Rb1 a5 23. Qb5 {And now Rd7 would win.} a4 $2 (23... Rfd8 24. Rxd8+ Rxd8) 24. Rd7 {White is clearly winning.} Qe4 25. Ba3 Ra5 {[#]} 26. Qd3 {Played: Qb5-b4} 1-0

[Event "5th EKA IIFL Investment 2019"]
[Site "Mumbai"]
[Date "2020.01.04"]
[Round "6.2"]
[White "Vaibhav, Suri"]
[Black "Hesham, Abdelrahman"]
[Result "1-0"]
[WhiteElo "2597"]
[BlackElo "2416"]
[Annotator "TA"]
[PlyCount "122"]
[EventDate "2019.12.30"]
[EventType "swiss"]
[EventCountry "IND"]
[SourceTitle "playchess.com"]
[Source "ChessBase"]
[SourceQuality "1"]

{[%evp 13,122,33,33,46,52,31,69,72,89,77,78,81,84,74,156,93,231,230,254,253,240,222,235,193,207,211,193,215,216,208,200,212,191,149,260,42,297,58,327,330,326,348,372,349,258,156,154,0,0,0,0,0,0,0,0,-54,0,0,0,0,0,0,0,0,95,94,100,84,98,94,90,0,0,0,8,0,0,0,8,0,300,287,270,274,398,382,529,528,511,441,547,511,504,472,482,437,423,423,423,423,430,427,430,430,430,430,430,430,430,430,430]} 1. c4 Nf6 2. Nc3 g6 3. d4 Bg7 4. e4 d6 5. Nf3 O-O 6. h3 e5 7. d5 Nh5 8. g3 {E90: King's Indian: Classical: Early deviations and 6 h3} Na6 9. Be3 Nc5 10. Nd2 {White is slightly better.} Bf6 $146 ({Predecessor:} 10... a5 11. Be2 Nf6 12. g4 Ne8 13. h4 f5 14. g5 f4 15. Bxc5 dxc5 {0-1 (68) Wang,Y (2718)-Fressinet,L (2700) Huaian 2016}) 11. h4 a5 12. Be2 Ng7 13. Nb3 Be7 (13... Nd7 $142) 14. h5 (14. Nxc5 $142 {Threatens to win with N5a4.} dxc5 15. a3) 14... f5 (14... Nxb3 $16 {is a better defense.} 15. axb3 gxh5) 15. hxg6 hxg6 16. Nxc5 dxc5 17. Qd2 Ra6 18. exf5 gxf5 19. f4 e4 20. O-O-O Rg6 21. Rh3 b6 22. Rdh1 $1 Bf6 23. Bd1 Bd7 (23... Ne8 $16) 24. Qe1 $2 (24. Rh8+ $1 $18 Kf7 25. R8h7) 24... Bd4 $2 {[%mdl 8192]} (24... Ne8 $14) 25. Rh8+ $1 $18 Kf7 26. R8h7 Kg8 27. g4 $1 Bxc3 28. Qxc3 {Hoping for g5.} ({And not} 28. bxc3 fxg4 29. Bf2 Qe8 $11) 28... fxg4 29. R1h6 Qe7 30. Rh8+ $2 (30. Rxg6 $16 Kxh7 31. Rg5) 30... Kf7 $11 31. Rxf8+ $40 {[%mdl 128] Black needs to defend precisely.} Qxf8 32. Rxg6 Kxg6 33. Qe5 {[%mdl 64] Double Attack} Qd8 34. d6 ({White should play} 34. Qxe4+ $11 Bf5 35. Qe5) 34... Bf5 (34... Qf6 $1 $15 35. Qxe4+ Bf5 36. dxc7 Bxe4) 35. dxc7 Qd3 36. Bd2 e3 $1 {[%cal Re3d2]} 37. Bxe3 Qxc4+ 38. Kd2 Qe6 {[#]} (38... Qd3+ $11 {remains equal.} 39. Ke1 g3) 39. Bc2 $1 $16 Qd7+ 40. Kc1 Bxc2 41. Kxc2 {aiming for Qg5+.} Nf5 {[#]} 42. Bg1 (42. Bd2 $1 $16) 42... g3 $11 43. b3 a4 44. Qe4 axb3+ 45. axb3 Kh5 46. Qb7 Nd6 $2 {[%mdl 8192]} (46... Qe6 $11) 47. Qxb6 $18 Ne4 48. Qa5 Kh4 (48... Kg4 $142 49. Bxc5 Qf5) 49. Bxc5 Qc6 50. Qb6 {White is clearly winning.} Qd7 {( -> ...Qd2+)} 51. Be3 g2 52. Kb2 Kg4 {[#]} 53. Qd4 $1 Qxd4+ 54. Bxd4 {[%mdl 4096] Endgame KB-KN} Nd6 55. Bc5 Nc8 56. b4 {[%cal Bb3b4,Bb4b5,Bb5b6][%mdl 32]} Kxf4 57. b5 {b6 is the strong threat.} Ke5 58. b6 {Intending b7 and mate.} g1=Q 59. Bxg1 {White threatens b7 and mate.} Kd6 60. Kc3 Kc6 {[#]} 61. Bc5 $1 {[%mdl 512]} Kb7 {Accuracy: White = 72%, Black = 44%.} (61... Kxc5 62. b7) 1-0

[Event "5th EKA IIFL Investment 2019"]
[Site "Mumbai"]
[Date "2020.01.04"]
[Round "6.3"]
[White "Bogdanovich, Stanislav"]
[Black "Das, Sayantan"]
[Result "1/2-1/2"]
[WhiteElo "2562"]
[BlackElo "2440"]
[Annotator "TA"]
[PlyCount "173"]
[EventDate "2019.12.30"]
[EventType "swiss"]
[EventCountry "IND"]
[SourceTitle "playchess.com"]
[Source "ChessBase"]
[SourceQuality "1"]

{[%evp 9,173,4,30,6,7,-2,0,0,6,0,4,-23,-12,-49,-41,-43,-48,-54,-47,-37,-56,-52,-21,-18,-15,-15,-19,-14,-14,-14,-10,-29,0,0,0,-26,-14,-17,-2,-17,35,36,25,29,35,33,40,42,59,72,65,14,14,5,5,5,5,5,5,5,18,18,18,18,18,18,18,18,18,18,18,18,18,18,19,25,25,25,29,31,32,0,35,0,0,0,0,0,45,0,0,0,0,0,0,0,0,0,0,0,0,0,0,0,0,0,0,0,0,0,0,0,0,0,0,0,0,0,0,0,0,0,0,0,0,0,0,0,0,0,0,0,0,0,0,0,0,0,0,0,0,0,0,0,0,0,0,0,0,0,0,0,0,0,0,0,0,0,0,0,0,0,0,0,0,0]} 1. b3 e5 2. Bb2 d6 3. g3 g6 4. Bg2 Bg7 5. c4 f5 (5... Ne7 6. e3 O-O 7. Ne2 Nbc6 8. d4 exd4 9. Nxd4 Ne5 10. Nc3 Bg4 11. f3 Bd7 12. O-O a6 13. Qd2 {1-0 (29) Khismatullin,D (2651)-Volokitin,A (2639) Berlin 2015}) 6. e3 {A01: Nimzowitsch-Larsen Opening} Nf6 7. Ne2 O-O 8. Nbc3 c6 9. d4 Na6 10. a3 Nc7 11. b4 $146 ({Predecessor:} 11. Qd2 Be6 12. d5 cxd5 13. cxd5 Bf7 {1-0 (45) Eismont,I (2311)-Thomas,I (2165) Essen 2004}) 11... Be6 12. d5 cxd5 13. cxd5 Bf7 14. O-O e4 {[%cal Rf6d5]} 15. Rc1 Nfxd5 16. Nxd5 Nxd5 17. Bxg7 Kxg7 18. g4 Qf6 19. Ng3 Kh8 20. Bh3 {[%cal Rg4f5]} Qh4 21. Bg2 Qf6 (21... fxg4 $6 22. Bxe4 Qg5 23. Qd4+ Qe5 24. Rfd1 $16) 22. Qd2 Qe5 23. Rfd1 Rad8 24. Qd4 Be6 (24... fxg4 25. Nxe4 Bg8 26. Qxa7 $16) (24... Bg8 $11) 25. gxf5 $14 gxf5 26. Bh3 Qxd4 27. Rxd4 Ne7 {[#]} 28. Nxe4 $1 {[%mdl 512]} fxe4 29. Bxe6 Rf6 30. Bb3 ({And not} 30. Rxe4 d5 $17) ({Better is} 30. Bd5 $14) 30... d5 $11 31. Rc7 Rg8+ 32. Kf1 Rgf8 $1 33. Rd2 ({But not} 33. Rxb7 $2 Rxf2+ 34. Ke1 Rf1+ 35. Kd2 R8f2+ 36. Kc3 Rc1+ 37. Bc2 Rfxc2+ $19) 33... Nf5 34. Ke2 Nxe3 35. Kxe3 Rf3+ 36. Ke2 Rxb3 37. Rxd5 ({Resist} 37. Rxb7 Rxa3 38. Rxd5 a6 $16) 37... Rxa3 {[%mdl 4096] Endgame [#] KRR-KRR} 38. Rh5 $1 {[%mdl 512]} Rff3 39. Rhxh7+ Kg8 40. Rcg7+ Kf8 41. Rxb7 {[%cal Rh7h8]} Ra2+ 42. Ke1 {[%cal Rh7h8]} Ra1+ 43. Kd2 {[%cal Rh7h8]} Ra2+ 44. Kc1 {[%cal Rh7h8]} Kg8 45. Rbg7+ Kf8 46. Rxa7 Rxa7 47. Rxa7 Rxf2 $14 {KR-KR} 48. b5 Rf6 (48... e3 $5 {[%cal Rf2f1]} 49. Kd1 Rb2 $11) 49. Ra4 e3 {The position is equal.} 50. Kd1 Rf1+ 51. Ke2 {[%mdl 64] Double Attack} Rb1 $1 52. Ra5 Rb3 $1 53. h4 Kg7 54. Ra7+ Kg6 55. Rb7 {aiming for Rb8.} Kh6 56. Kf3 Kg6 57. Rb8 Kh6 58. Rh8+ Kg6 59. Rg8+ Kh5 60. Rb8 Kh6 61. Rh8+ Kg6 62. Rg8+ Kh5 63. Rg5+ Kh6 $1 64. Ke2 Kh7 65. Re5 {Black must now prevent Rh5+.} Kg6 66. Kd1 {Hoping for Ke2.} Kf6 67. Rc5 Rb2 68. Ke1 Kg6 69. Rd5 e2 70. Re5 Kh6 71. Rf5 Kg6 72. Rc5 {Strongly threatening Rd5.} Kh6 73. Rg5 Kh7 $1 74. Kf2 Kh6 $1 75. Rf5 {Threatens to win with h5.} Kg6 76. Re5 {Rd5 is the strong threat.} Kh6 77. Rc5 {And now h5 would win.} Kg6 $1 78. Rc6+ Kh5 79. b6 Kxh4 80. Rh6+ Kg5 81. Re6 Kf5 82. Rd6 Ke5 83. Rc6 Kd5 84. Rh6 Kc5 85. Re6 Rxb6 86. Rxb6 {Threatening mate with Re6.} Kxb6 87. Kxe2 {Accuracy: White = 62%, Black = 78%.} 1/2-1/2

[Event "5th EKA IIFL Investment 2019"]
[Site "Mumbai"]
[Date "2020.01.04"]
[Round "6.4"]
[White "Mendonca, Leon Luke"]
[Black "Stupak, Kirill"]
[Result "1/2-1/2"]
[WhiteElo "2398"]
[BlackElo "2529"]
[Annotator "TA"]
[PlyCount "72"]
[EventDate "2019.12.30"]
[EventType "swiss"]
[EventCountry "IND"]
[SourceTitle "playchess.com"]
[Source "ChessBase"]
[SourceQuality "1"]

{[%evp 14,72,26,29,19,12,12,13,15,15,11,10,14,18,16,8,11,13,13,0,13,8,20,20,20,16,24,22,15,27,24,22,28,6,4,0,9,2,4,0,0,0,0,0,0,0,0,0,0,0,0,0,0,0,0,0,0,0,0,0,0]} 1. d4 Nf6 2. c4 e6 3. Nc3 Bb4 4. e3 O-O 5. Bd2 d5 6. Nf3 c5 7. a3 Bxc3 8. Bxc3 Ne4 {E51: Nimzo-Indian: Rubinstein: 4...0-0 5 Nf3 d5} 9. Qc2 (9. Rc1 Nxc3 10. Rxc3 cxd4 11. Nxd4 dxc4 12. Bxc4 Bd7 13. O-O Nc6 14. Nf3 Qe7 15. Qc2 Rfd8 16. Rc1 Be8 17. h3 h6 18. b4 a6 19. Ba2 {½-½ (55) Adhiban,B (2639)-Yu,Y (2763) Khanty-Mansiysk 2019}) 9... Nxc3 10. Qxc3 cxd4 11. Nxd4 dxc4 12. Bxc4 Bd7 13. O-O Nc6 14. Nb3 $146 ({Predecessor:} 14. Nb5 a6 15. Nd6 Qc7 16. Rfd1 {1-0 (31) Gubo,J (1958)-Kolomytchenko,I (1694) LSS email 2014}) 14... Qe7 15. Be2 Rac8 16. Rac1 Nb8 17. Qd2 b6 18. Nd4 Rfd8 19. Rxc8 Rxc8 20. Rc1 Rxc1+ 21. Qxc1 Qd8 22. f4 Qc8 23. Qd2 Qc7 {The position is equal.} 24. Bf3 g6 25. h3 e5 26. fxe5 Qxe5 27. Kf2 h5 28. Ne2 Bc6 29. Qd8+ Kg7 30. Qd4 Kf6 31. Qd8+ Kg7 32. Qd4 Kf6 33. Qd8+ Kg7 34. Qd4 Kf6 35. Qd8+ Kg7 36. Qd4 Kf6 {Accuracy: White = 73%, Black = 77%.} 1/2-1/2

[Event "5th EKA IIFL Investment 2019"]
[Site "Mumbai"]
[Date "2020.01.04"]
[Round "6.5"]
[White "Yudin, Sergei"]
[Black "Czebe, Attila"]
[Result "1-0"]
[WhiteElo "2497"]
[BlackElo "2374"]
[Annotator "ChessBase"]
[PlyCount "69"]
[EventDate "2019.12.30"]
[EventType "swiss"]
[EventCountry "IND"]
[SourceTitle "playchess.com"]
[Source "ChessBase"]
[SourceQuality "1"]
[TimeControl "40/5400+30:1800+30"]

1. e4 d6 {[%emt 0:00:00]} 2. d4 {[%emt 0:05:06]} g6 {[%emt 0:00:00]} 3. Nc3 {[%emt 0:01:33]} a6 {[%emt 0:00:18]} 4. Be3 {[%emt 0:00:30]} b5 {[%emt 0:00:13]} 5. h4 {[%emt 0:01:01]} Nf6 {[%emt 0:01:40]} 6. f3 {[%emt 0:00:21]} Bb7 {[%emt 0:01:37]} 7. Qd2 {[%emt 0:01:41]} e6 {[%emt 0:07:11]} 8. a4 {[%emt 0:15:33]} b4 {[%emt 0:01:56]} 9. Nd1 {[%emt 0:00:12]} a5 {[%emt 0:00:55]} 10. c3 {[%emt 0:00:06]} Na6 {[%emt 0:02:53]} 11. Bd3 {[%emt 0:00:41]} h5 {[%emt 0:01:18]} 12. Nh3 {[%emt 0:02:34]} Be7 {[%emt 0:02:04]} 13. O-O {[%emt 0:01:36]} c5 {[%emt 0:02:34]} 14. Bb5+ {[%emt 0:05:25]} Kf8 {[%emt 0:02:58]} 15. Ndf2 {[%emt 0:01:02]} Kg7 {[%emt 0:03:21]} 16. Bg5 {[%emt 0:05:36]} cxd4 {[%emt 0:10:51]} 17. cxd4 {[%emt 0:00:25]} Qb6 {[%emt 0:00:10]} 18. Rfd1 {[%emt 0:02:29]} Rac8 {[%emt 0:01:58]} 19. Be3 {[%emt 0:01:35]} d5 {[%emt 0:00:32]} 20. e5 {[%emt 0:05:02]} Ng8 {[%emt 0:00:22]} 21. Ng5 {[%emt 0:01:34]} Nc7 {[%emt 0:04:54]} 22. Be2 {[%emt 0:04:18]} Nh6 {[%emt 0:06:06]} 23. g4 {[%emt 0:01:07]} Ng8 {[%emt 0:01:00]} 24. Kg2 {[%emt 0:00:05]} Nh6 {[%emt 0:02:20]} 25. Rac1 {[%emt 0:03:49]} Na8 {[%emt 0:01:08]} 26. Nd3 {[%emt 0:01:13]} Rxc1 {[%emt 0:00:50]} 27. Rxc1 {[%emt 0:00:15]} Ba6 {[%emt 0:00:38]} 28. Nc5 {[%emt 0:00:55]} Bxe2 {[%emt 0:00:42]} 29. Qxe2 {[%emt 0:00:06]} Nc7 {[%emt 0:13:34]} 30. Kg3 {[%emt 0:01:44]} Rd8 {[%emt 0:02:02]} 31. Qd2 {[%emt 0:03:44]} Qb8 {[%emt 0:13:40]} 32. Ngxe6+ {[%emt 0:01:35]} Nxe6 {[%emt 0:00:43]} 33. Bxh6+ {[%emt 0:00:06]} Kh7 {[%emt 0:00:47]} 34. Nxe6 {[%emt 0:00:09]} fxe6 {[%emt 0:00:04]} 35. Qf4 {[%emt 0:03:54]} 1-0